000 00236nmm a2200085Ia 4500
008 150209s2015||||xx |||||||||||||||||und||
100 _aW H O
245 _aWORD CONGRESS OF GASTROENTEROLOGY, BANGKOLS , FEB,-24-MARCH 1, 2002
942 _2ddc
_cCD
999 _c5957
_d5957